| 000 | 00974nam a22003257a 4500 | ||
|---|---|---|---|
| 001 | 001153 | ||
| 003 | DO-SdBPM | ||
| 005 | 20250801122715.0 | ||
| 007 | ta | ||
| 008 | 160817b1998 sp |||| 00| 0 spa d | ||
| 040 |
_aBPMSU _bspa _cBPMSU |
||
| 082 | 4 |
_aPe863.6 _bB916e 1998 _222 |
|
| 092 |
_axxxxxxx _bxxxxxxx |
||
| 100 | 1 |
_aBryce Echenique, Alfredo _d1939- _eautor |
|
| 245 | 1 | 0 |
_aEn ausencia de los dioses / _cAlfredo Bryce Echenique |
| 260 | _b | ||
| 264 |
_a[Barcelona] : _bEditorial Alfaguara, _c1998. |
||
| 300 |
_a96 páginas : _c21 cm. |
||
| 336 |
_atexto _btxt _2rdacontent |
||
| 337 |
_asin mediación _bn _2rdamedia |
||
| 338 |
_avolumen _bnc _2rdacarrier |
||
| 490 | 0 |
_aBiblioteca de Literatura Universal ; _aGrandes autores, _v7 |
|
| 490 | 1 | _v | |
| 590 | _aInventariado, 2025/VM | ||
| 650 | 7 | _aCuentos peruanos. | |
| 650 | 7 | _aLiteratura peruana | |
| 650 | 7 |
_aSociología _vCuentos |
|
| 910 | _aVMateo V. Control de calidad. BPMSU | ||
| 942 |
_2ddc _cBK |
||
| 999 |
_c11170 _d11170 |
||